000 02094nam0a2200349 i 4500
001 RU\NLR\BIBL_A\011188105
005 20260408211327.0
010 _a9785000890936
_9100
021 _aRU
_b2016-56113
_93560
035 _a(NILC)RuMoRGB-008551212
035 _a(NLR Aleph) 011188105
090 _a11853065
_c11853065
100 _a20160803d2015 km y0rusy50 ca
101 0 _arus
102 _aRU
105 _aa|||z|||100yy
200 1 _aНовые подходы и технологии в логопедическом сопровождении лиц с ограниченными возможностями здоровья
_eсборник статей научно-практической конференции
_f[под ред. проф. Н. В. Новоторцевой]
210 _aЯрославль
_cЯрославский государственный педагогический университет
_d2015
215 _a167 с.
_cил.
_d21
300 _aВ макете подзаг.: материалы научно-практической конференции
300 _aВ надзаг.: М-во образования и науки Российской Федерации, ФГБОУ ВПО "Ярославский гос. пед. ун-т им. К. Д. Ушинского"
320 _aБиблиогр. в конце ст.
606 _aДети с ограниченными возможностями здоровья
_jСборники
_xРазвитие речи
_92321110
_3RU\NLR\AUTH\6601613455
686 1 _aЧ437.1я43
702 1 _4340
_7ca
_8rus
_aНовоторцева
_bН. В.
_f1953-2021
_gНадежда Вячеславовна
_949875
_3RU\NLR\AUTH\7766947
712 0 2 _4570
_aЯрославский государственный педагогический университет им. К. Д. Ушинского
_9304213
_3RU\NLR\AUTH\8815514
801 0 _aRU
_bРГБ
_c20160718
_gRCR
942 _cBOOK
980 _aNBR